[Event "Nagoya Open"]
[Site "?"]
[Date "2005.06.25"]
[Round "1"]
[White "P.Robertson"]
[Black "K.Looijmans"]
[Result "0-1"]
[WhiteElo "1648"]
[BlackElo "2175"]

1. e4 Nf6 2. e5 Nd5 3. d4 d6 4. exd6 Qxd6 5. c4 Nf6 6. Be3 g6 7. Nf3 Bg7 8. Be2
O-O 9. O-O Nc6 10. Nc3 a6 11. Rc1 Bf5 12. a3 Rad8 13. c5 Qd7 14. Ne5 Nxe5 15.
dxe5 Qxd1 16. Rfxd1 Ng4 17. Bg5 Bxe5 18. Bxg4 Bxg4 19. f3 Be6 20. Bxe7 Rxd1+
21. Rxd1 Re8 22. Rd8 Rxd8 23. Bxd8 Bb3 24. c6 b5 25. g3 Kf8 26. Bg5 f6 27. Bc1
Ke7 28. Ne4 Bd5 29. Kg2 Bxe4 30. fxe4 Kd6 31. Kf3 a5 32. b3 a4 33. bxa4 bxa4
34. Ke2 Kxc6 35. Kd3 Kb5 36. Bf4 c5 37. Bc1 h5 38. Kc2 Kc4 39. Be3 g5 40. Bf2
g4 41. Be3 Bd4 42. Bh6 Bg1 43. Bg7 Bxh2 44. Bxf6 Bxg3 45. Kd2 h4 46. Ke2 h3 47.
Kf1 Bf4 48. Bh4 Kd3 49. Bf2 c4 0-1

[Event "Nagoya Open"]
[Site "?"]
[Date "2005.06.25"]
[Round "1"]
[White "S.Misaka"]
[Black "D.Morimoto"]
[Result "0-1"]
[WhiteElo "2063"]
[BlackElo "1590"]

1. d4 Nf6 2. c4 e6 3. Nc3 Bb4 4. e3 d5 5. cxd5 exd5 6. Ne2 O-O 7. g3 Bf5 8. Bg2
c6 9. O-O Re8 10. f3 h6 11. Kh1 Qc8 12. g4 Bh7 13. Qe1 Bd6 14. Qh4 Na6 15. Bh3
Qb8 16. Rf2 Nb4 17. Bd2 Nc2 18. Rg1 Nxe3 19. g5 hxg5 20. Qxg5 Bg6 21. Bxe3 Nh7
22. Qg2 Rxe3 23. f4 Qf8 24. f5 Bh5 25. f6 g6 26. Nf4 Bxf4 27. Rxf4 Qh6 28. Rf2
Nf8 29. Bg4 Bxg4 30. Qxg4 Rae8 31. Ne2 Ne6 32. Ng3 Kh7 33. Rfg2 Nf4 34. Rf2 Nh3
35. Rff1 Nxg1 36. Kxg1 R8e6 37. Rf2 Re1+ 38. Kg2 Qc1 39. Rf5 Rg1+ 40. Kh3 Qh6+
41. Rh5 Qxh5+ 42. Nxh5 Rxg4 0-1

[Event "Nagoya Open"]
[Site "?"]
[Date "2005.06.25"]
[Round "1"]
[White "N.Takayasu"]
[Black "G.Gonda"]
[Result "1/2-1/2"]
[WhiteElo "1577"]
[BlackElo "2044"]

1. e4 c5 2. c3 Nf6 3. e5 Nd5 4. d4 cxd4 5. Qxd4 e6 6. Nf3 Nc6 7. Qe4 Be7 8.
Nbd2 b6 9. Bd3 Bb7 10. O-O d6 11. Re1 dxe5 12. Nxe5 Nxe5 13. Qxe5 O-O 14. Nf3
Nf6 15. Qe2 Qd5 16. Bg5 h6 17. Bh4 g5 18. Bg3 Nh5 19. Be5 g4 20. Nh4 Bxh4 21.
Qxg4+ Bg5 22. Be4 Qd7 23. Bxb7 Qxb7 24. h4 f6 25. hxg5 fxe5 26. gxh6+ Kh7 27.
Qxh5 Rf5 28. Qh3 Rg8 29. Re3 Rg6 30. Rae1 Rxh6 31. Qg4 Rfh5 32. f3 Rh4 33. Qg3
Qd5 34. Rxe5 Qxa2 35. Rxe6 Rh1+ 36. Kf2 Rxe1 37. Rxh6+ Kxh6 38. Qf4+ Kg6 39.
Kxe1 Qxb2 40. Qd6+ Kh5 41. Qe5+ Kg6 42. Qe6+ Kg5 43. Qe7+ Kf5 44. Qxa7 Qc1+ 45.
Kf2 Qd2+ 46. Kg3 Qg5+ 1/2-1/2

[Event "Nagoya Open"]
[Site "?"]
[Date "2005.06.25"]
[Round "1"]
[White "T.Sano"]
[Black "N.Shirasaka"]
[Result "1-0"]
[WhiteElo "2005"]
[BlackElo "1501"]

1. e4 d6 2. d4 Nf6 3. Nc3 g6 4. f4 Bg7 5. Nf3 c5 6. Be2 Bg4 7. Be3 cxd4 8. Nxd4
Bxe2 9. Qxe2 Nc6 10. O-O O-O 11. Rad1 Qc7 12. Kh1 a6 13. g4 e5 14. fxe5 Nxe5
15. h3 Rac8 16. Bg5 Ned7 17. Nb3 Rfe8 18. Qd3 Re6 19. Nd4 Rce8 20. Nxe6 Rxe6
21. Rfe1 Ne5 22. Qg3 h5 23. Bxf6 Rxf6 24. Nd5 Rf3 25. Qxf3 Nxf3 26. Nxc7 Nxe1
27. Rxe1 1-0

[Event "Nagoya Open"]
[Site "?"]
[Date "2005.06.25"]
[Round "1"]
[White "I.Kashiwagi"]
[Black "A.Koike"]
[Result "0-1"]
[WhiteElo "1472"]
[BlackElo "1995"]

1. c4 c6 2. Nf3 d5 3. cxd5 cxd5 4. d4 Nf6 5. Nc3 Ne4 6. e3 Nxc3 7. bxc3 g6 8.
Qa4+ Nc6 9. Bb5 Bd7 10. Ne5 Nxe5 11. dxe5 Bxb5 12. Qxb5+ Qd7 13. Qxd7+ Kxd7 14.
Ke2 Rc8 15. Bb2 Bg7 16. f4 f6 17. exf6 Bxf6 18. Rac1 Rc4 19. Rhd1 e6 20. g3
Rhc8 21. Kf3 b5 22. a3 Bxc3 23. Rc2 Bxb2 24. Rxb2 R8c5 25. Rdb1 Kc6 26. h4 Rc3
27. Rb3 d4 28. Ke4 dxe3 29. Kf3 a6 30. Ke2 Kd5 31. Rd1+ Ke4 32. Rb4+ R5c4 33.
Rd6 Rc2+ 34. Ke1 Kf3 35. Rb1 Rh2 0-1

[Event "Nagoya Open"]
[Site "?"]
[Date "2005.06.25"]
[Round "1"]
[White "K.Noguchi"]
[Black "T.Masui"]
[Result "1-0"]
[WhiteElo "1870"]
[BlackElo "1376"]

1. c4 g6 2. g3 Bg7 3. Bg2 Nf6 4. Nc3 O-O 5. d3 d6 6. Bg5 Nbd7 7. Qd2 Ne8 8. h4
Ndf6 9. e4 Qd7 10. Bh3 Qc6 11. O-O-O Bxh3 12. Nxh3 e5 13. f4 h6 14. fxe5 hxg5
15. exf6 Nxf6 16. Nxg5 Bh6 17. Qf2 Ng4 18. Qf4 Ne5 19. Nd5 Kh8 20. h5 f5 21.
hxg6 Kg7 22. Ne6+ 1-0

[Event "Nagoya Open"]
[Site "?"]
[Date "2005.06.25"]
[Round "1"]
[White "K.Kawashima"]
[Black "H.Iizuka"]
[Result "1-0"]
[WhiteElo "1799"]
[BlackElo "1339"]

1. d4 d5 2. Nf3 Bf5 3. c4 c6 4. Nc3 Nf6 5. e3 Qa5 6. Bd2 Ne4 7. Nxe4 Qb6 8. Ng3
Bg6 9. b3 e6 10. Be2 Na6 11. O-O Bd6 12. c5 1-0

[Event "Nagoya Open"]
[Site "?"]
[Date "2005.06.25"]
[Round "1"]
[White "K.Sakamoto"]
[Black "Y.Ozaki"]
[Result "0-1"]
[WhiteElo "1306"]
[BlackElo "1791"]

1. e4 c5 2. c3 e5 3. Nf3 d6 4. d4 Qc7 5. Be3 Nf6 6. Nbd2 Be7 7. d5 O-O 8. Bd3
a6 9. a4 Nbd7 10. O-O Re8 11. b4 b6 12. Qc2 Nf8 13. Rfe1 Ng6 14. Nc4 Bd7 15.
Nfd2 Ng4 16. Kh1 b5 17. axb5 axb5 18. Na5 c4 19. Bf1 Nxe3 20. Rxe3 Rec8 21. g3
Bg5 22. Ree1 Rf8 23. Bg2 Qc8 24. Qd1 Bd8 25. Nf1 Bb6 26. Ne3 Qc7 27. Nc6 Bxe3
28. Rxe3 Rxa1 29. Qxa1 Bxc6 30. dxc6 Qxc6 31. Qb2 Ra8 32. Re1 Qa6 33. Qd2 Rd8
34. Qb2 h6 35. Ra1 Qc8 36. Ra5 Qd7 37. Kg1 Rb8 38. Qd2 Ne7 39. Qe3 Nc6 40. Ra1
Rb7 41. Ra8+ Kh7 42. Ra1 Ne7 43. Ra5 f6 44. f4 Nc6 45. Ra2 Ra7 46. Rxa7 Qxa7
47. Qxa7 Nxa7 48. f5 Nc8 49. Kf2 Kg8 50. Ke3 Kf7 51. Bf3 Ke7 52. Bh5 Nb6 53.
Bg4 Kd7 54. Bh5 Kc6 55. Bg4 Na4 56. Kd2 Nb2 57. Be2 d5 58. exd5+ Kxd5 59. Bf3+
Kd6 60. Be2 e4 0-1

[Event "Nagoya Open"]
[Site "?"]
[Date "2005.06.25"]
[Round "1"]
[White "Y.Yokomizo"]
[Black "A.Kida"]
[Result "1-0"]
[WhiteElo "1738"]
[BlackElo "1254"]

1. e4 c5 2. d3 Nc6 3. f4 d6 4. g3 Nf6 5. Bg2 Bd7 6. c3 Qc7 7. Nf3 h6 8. Qe2 Bg4
9. Nbd2 Nd7 10. O-O f5 11. Nc4 O-O-O 12. a3 e5 13. b4 Be7 14. b5 Ncb8 15. Qb2
g5 16. fxe5 Bxf3 17. Bxf3 Nxe5 18. b6 Qc6 19. bxa7 Qa6 20. Nb6+ 1-0

[Event "Nagoya Open"]
[Site "?"]
[Date "2005.06.25"]
[Round "1"]
[White "Y.Suzuki"]
[Black "S.Ohtake"]
[Result "0-1"]
[WhiteElo "961"]
[BlackElo "1730"]

1. e4 c5 2. Nf3 Nc6 3. Nc3 Nf6 4. Bc4 e6 5. e5 Ng4 6. d4 cxd4 7. Nxd4 Nxf2 8.
Kxf2 Qh4+ 9. g3 Qxd4+ 10. Qxd4 Nxd4 11. Bd3 a6 12. Ne4 d5 13. exd6 f5 14. Nc3
Bxd6 15. Be3 Bc5 16. Ne2 e5 17. c3 Ne6 18. Bxf5 O-O 0-1

[Event "Nagoya Open"]
[Site "?"]
[Date "2005.06.25"]
[Round "2"]
[White "K.Looijmans"]
[Black "K.Kawashima"]
[Result "1-0"]
[WhiteElo "2175"]
[BlackElo "1799"]

1. e4 c5 2. Nf3 e6 3. d4 cxd4 4. Nxd4 a6 5. Bd3 Bc5 6. Nb3 Be7 7. Nc3 d6 8. Be3
Nf6 9. O-O Nbd7 10. a4 b6 11. f4 Qc7 12. Qf3 Bb7 13. Rae1 O-O 14. Qh3 Rfe8 15.
g4 Nf8 16. Rf2 d5 17. e5 Ne4 18. Bxe4 dxe4 19. Bd4 Bb4 20. Re3 Bc6 21. Nxe4
Bxa4 22. Bc3 Be7 23. Nd4 Rad8 24. g5 Bc6 25. Nf6+ Bxf6 26. gxf6 b5 27. Qg4 g6
28. Qg5 1-0

[Event "Nagoya Open"]
[Site "?"]
[Date "2005.06.25"]
[Round "2"]
[White "Y.Ozaki"]
[Black "T.Sano"]
[Result "0-1"]
[WhiteElo "1791"]
[BlackElo "2005"]

1. e4 e5 2. Nf3 Nc6 3. d4 exd4 4. Nxd4 Nf6 5. Nxc6 bxc6 6. Bd3 d5 7. e5 Nd7 8.
O-O Be7 9. Bf4 O-O 10. Bg3 Nc5 11. Re1 Be6 12. c3 Nxd3 13. Qxd3 Qd7 14. Nd2 c5
15. b3 Rfd8 16. Nf1 a5 17. a4 Rdb8 18. Nd2 Bf5 19. Qe3 Ra6 20. Qf4 Rb7 21. Bh4
Bc2 22. Bxe7 Qxe7 23. Qf3 c6 24. Qg4 Ra8 25. e6 f6 26. c4 Bxb3 27. Nxb3 Rxb3
28. cxd5 cxd5 29. Qd1 Qb7 30. e7 Re8 31. Qh5 g6 32. Qe2 Qc6 33. Qd2 Rb7 34.
Rad1 Rbxe7 35. Rxe7 Rxe7 36. Qxa5 d4 37. h3 Re8 38. Rc1 c4 39. Qa7 Qd5 40. Qa6
d3 0-1

[Event "Nagoya Open"]
[Site "?"]
[Date "2005.06.25"]
[Round "2"]
[White "A.Koike"]
[Black "Y.Yokomizo"]
[Result "1-0"]
[WhiteElo "1995"]
[BlackElo "1738"]

1. d4 f5 2. g3 e6 3. Bg2 Nf6 4. Nf3 Be7 5. c4 d6 6. Nc3 O-O 7. O-O a6 8. Qc2
Qe8 9. Bg5 Nh5 10. Bxe7 Qxe7 11. e4 c6 12. exf5 exf5 13. Rae1 Qf6 14. Qe2 b6
15. Qe7 Nd7 16. Ng5 Qxe7 17. Rxe7 Nb8 18. Rfe1 Nf6 19. Ne6 Bxe6 20. R1xe6 b5
21. Rxd6 bxc4 22. Na4 a5 23. Nb6 Ra6 24. Nxc4 f4 25. Ne5 fxg3 26. hxg3 Rb6 27.
b3 a4 28. Nc4 Rb4 29. Bxc6 Nxc6 30. Rxc6 axb3 31. axb3 Rxb3 32. Re2 Nd5 33. Rb2
Rd3 34. Rd2 Rc3 35. Ne5 Rb3 36. Kg2 Nc3 37. d5 Ne4 38. Re2 Rb4 39. d6 Nf6 40.
d7 Rd8 41. Rxf6 gxf6 42. Nc6 Rxd7 43. Nxb4 Kf7 44. Nc6 Rc7 45. Nd4 Rc4 46. Ne6
Rc6 47. Nd8+ 1-0

[Event "Nagoya Open"]
[Site "?"]
[Date "2005.06.25"]
[Round "2"]
[White "S.Ohtake"]
[Black "K.Noguchi"]
[Result "0-1"]
[WhiteElo "1730"]
[BlackElo "1870"]

1. e4 g6 2. d4 Bg7 3. Nc3 c6 4. Be3 d5 5. e5 f6 6. exf6 Nxf6 7. Be2 Qb6 8. Na4
Qa5+ 9. c3 Nbd7 10. b4 Qc7 11. Rc1 b5 12. Nb2 O-O 13. h4 a5 14. h5 gxh5 15.
Bxh5 axb4 16. cxb4 Rxa2 17. Qb3 Nxh5 18. Qxa2 Nf4 19. Kf1 Nb6 20. Nf3 Bg4 21.
Nd2 Ne2 22. Rh4 Nxc1 23. Qb1 Bf5 24. Qxc1 Bg6 25. Nf3 Be4 26. Ne5 Nd7 27. Nxc6
Qg3 28. Nxe7+ Kh8 29. Rxe4 dxe4 30. Ke2 Qxg2 31. Qc6 Nf6 32. Qxb5 Ng4 33. Nd1
Nxe3 34. Kxe3 Bh6+ 35. Ke2 Qg4+ 36. Ke1 Qg1+ 37. Qf1 Qxf1+ 38. Kxf1 e3 39. Ke2
exf2 40. Nxf2 Re8 41. Kd3 Rxe7 42. d5 Bf8 43. Ne4 Rb7 44. d6 Rxb4 45. d7 Be7
46. Nd6 Kg7 47. Kc3 Rb1 48. Kc2 Rb6 49. Nc8 Rc6+ 50. Kb3 Bd8 51. Kb4 h5 52. Kb5
Rh6 53. Na7 h4 54. Nc6 Rxc6 0-1

[Event "Nagoya Open"]
[Site "?"]
[Date "2005.06.25"]
[Round "2"]
[White "M.Okada"]
[Black "D.Morimoto"]
[Result "0-1"]
[WhiteElo "1810"]
[BlackElo "1590"]

1. e4 e6 2. d4 d5 3. Nc3 Nf6 4. Bg5 dxe4 5. Nxe4 Be7 6. Bxf6 Bxf6 7. Nf3 O-O 8.
c3 b6 9. Bd3 Bb7 10. O-O Nd7 11. Re1 Be7 12. Bc2 c5 13. Qd3 g6 14. Rad1 Qc8 15.
Ne5 Rd8 16. Qg3 cxd4 17. Rxd4 Nxe5 18. Qxe5 Rxd4 19. Qxd4 Qc6 20. f3 f5 21.
Nf6+ Kf7 22. Nxh7 Bc5 23. Ng5+ Kg8 24. Nxe6 Bxd4+ 25. Nxd4 Qd7 26. Re6 Kh7 27.
g4 Re8 28. Rf6 Kg7 29. g5 Bd5 30. Bd3 Qe7 31. Bxf5 Qe3+ 32. Kg2 Qxg5+ 33. Kf2
Qxf6 0-1

[Event "Nagoya Open"]
[Site "?"]
[Date "2005.06.25"]
[Round "2"]
[White "G.Gonda"]
[Black "S.Misaka"]
[Result "0-1"]
[WhiteElo "2044"]
[BlackElo "2063"]

1. Nf3 Nf6 2. c4 g6 3. Nc3 Bg7 4. e4 d6 5. d4 O-O 6. Be2 e5 7. d5 a5 8. Bg5 h6
9. Bh4 Na6 10. Nd2 Qe8 11. O-O Nh7 12. a3 Bd7 13. b3 h5 14. f3 Bh6 15. Bf2 Qe7
16. Kh1 h4 17. Rb1 f5 18. Qe1 Bg5 19. b4 axb4 20. axb4 Kg7 21. Nb5 Rh8 22. c5
Nf6 23. cxd6 cxd6 24. Nc3 Nh5 25. Nc4 Ng3+ 26. Kg1 Nxf1 27. Bxf1 Rhf8 28. Bd3
Bf4 29. Ne2 Bg5 30. Na5 Bc8 31. Nb3 Qf7 32. Na5 h3 33. g3 fxe4 34. Bxe4 Bf5 35.
Nc3 Bxe4 36. Qxe4 Bd2 37. Nb5 Bxb4 38. Nxd6 Bxd6 39. Rxb7 Nc7 40. Nc4 Qe7 41.
f4 Rh8 42. fxe5 Ra1+ 43. Rb1 Rxb1+ 44. Qxb1 Bxe5 45. d6 Bxd6 46. Bd4+ Kh7 47.
Bxh8 Bc5+ 48. Kf1 Qf7+ 49. Ke1 Qf2+ 50. Kd1 Qf1+ 0-1

[Event "Nagoya Open"]
[Site "?"]
[Date "2005.06.25"]
[Round "2"]
[White "H.Iizuka"]
[Black "P.Robertson"]
[Result "1-0"]
[WhiteElo "1339"]
[BlackElo "1648"]

1. e4 c5 2. Nf3 d6 3. d4 cxd4 4. Nxd4 Nf6 5. Nc3 a6 6. Be2 e5 7. Nf5 g6 8. Nh6
b5 9. Bg5 Bxh6 10. Bxh6 b4 11. Bg7 Rg8 12. Bxf6 Qxf6 13. Nd5 Qd8 14. Nxb4 Bb7
15. Nd5 Nd7 16. O-O Nc5 17. Bc4 Nxe4 18. Qf3 f5 19. Nf6+ Qxf6 20. Bxg8 Qg7 21.
Qb3 Nc5 22. Qc4 Rc8 23. Be6 Rc7 24. Bd5 Bc8 25. Qe2 Nd7 26. Be6 Bb7 27. Bxd7+
Kxd7 28. Rad1 Rc6 29. Rfe1 Kc7 30. Qd2 Qf6 31. Re3 Kb8 32. Rd3 Kc7 33. Rc3 Rxc3
34. Qxc3+ Kb8 35. Qb4 d5 36. Rxd5 Qc6 37. Qd6+ Ka7 38. Qxc6 Bxc6 39. Rc5 Be4
40. c3 Kb6 41. Rxe5 Bb1 42. a3 Ba2 43. b4 Kc6 44. f4 h6 45. Rc5+ Kd6 46. c4 Bb3
47. Rd5+ Ke6 48. Rd4 g5 49. g3 gxf4 50. gxf4 Bc2 51. c5 Be4 52. Rd6+ 1-0

[Event "Nagoya Open"]
[Site "?"]
[Date "2005.06.25"]
[Round "2"]
[White "N.Shirasaka"]
[Black "K.Sakamoto"]
[Result "1-0"]
[WhiteElo "1501"]
[BlackElo "1306"]

1. Nf3 d5 2. g3 Nf6 3. Bg2 b6 4. d4 e6 5. c4 Bb4+ 6. Bd2 Be7 7. O-O c6 8. Nc3
Bb7 9. Qc2 Nbd7 10. Rac1 O-O 11. e4 dxe4 12. Nxe4 Nxe4 13. Qxe4 Nf6 14. Qe3 c5
15. Bc3 Qc7 16. d5 exd5 17. Rfe1 Bd6 18. Bxf6 gxf6 19. Qh6 Be5 20. Nxe5 fxe5
21. Qg5+ Kh8 22. Qf6+ Kg8 23. Rxe5 Qc6 24. Rg5# 1-0

[Event "Nagoya Open"]
[Site "?"]
[Date "2005.06.25"]
[Round "2"]
[White "A.Kida"]
[Black "I.Kashiwagi"]
[Result "1-0"]
[WhiteElo "1254"]
[BlackElo "1472"]

1. e4 c5 2. Nf3 d6 3. Bc4 e6 4. Nc3 a6 5. a4 g6 6. d4 b6 7. O-O Bg7 8. d5 Ne7
9. Re1 O-O 10. Ng5 h6 11. Nf3 exd5 12. Nxd5 Be6 13. Rb1 Nbc6 14. Bf4 Ne5 15.
Nxe5 dxe5 16. Be3 Nc6 17. c3 Na5 18. Ba2 Rb8 19. b4 Nc6 20. bxc5 b5 21. axb5
axb5 22. Qd2 g5 23. h4 Na5 24. hxg5 Nc4 25. Bxc4 bxc4 26. Rxb8 Qxb8 27. gxh6
Bf6 1-0

[Event "Nagoya Open"]
[Site "?"]
[Date "2005.06.25"]
[Round "2"]
[White "T.Masui"]
[Black "Y.Suzuki"]
[Result "1-0"]
[WhiteElo "1376"]
[BlackElo "961"]

1. e4 d5 2. exd5 Qxd5 3. Nc3 Qa5 4. d4 c6 5. Nf3 Bf5 6. Bd2 Qc7 7. g3 e6 8. Bg2
Bd6 9. O-O Nf6 10. Re1 O-O 11. Nh4 Nbd7 12. Nxf5 exf5 13. Qf3 g6 14. Ne2 Rfe8
15. Bf4 Re6 16. Bxd6 Qxd6 17. Qf4 Qb4 18. d5 Qxf4 19. Nxf4 Rd6 20. dxc6 bxc6
21. Rad1 Rxd1 22. Rxd1 Rc8 23. Rd6 c5 24. Nd5 Kg7 25. Nxf6 Nxf6 26. Ra6 Rc7 27.
Kf1 Re7 28. Rc6 Rb7 29. b3 Rb5 30. a4 Ra5 31. Ke2 Ne4 32. Bxe4 fxe4 33. Ke3 f5
34. g4 fxg4 35. c4 h5 36. Kxe4 Kh6 37. Kf4 a6 38. Rb6 Rxa4 39. bxa4 a5 40. Rc6
1-0

[Event "Nagoya Open"]
[Site "?"]
[Date "2005.06.26"]
[Round "3"]
[White "K.Noguchi"]
[Black "K.Looijmans"]
[Result "1-0"]
[WhiteElo "1870"]
[BlackElo "2175"]

1. c4 f5 2. g3 Nf6 3. Bg2 d6 4. Nc3 g6 5. d3 Bg7 6. e4 c6 7. Nge2 O-O 8. O-O a5
9. h3 Na6 10. Be3 fxe4 11. dxe4 Bd7 12. Qd2 Rb8 13. f4 Be6 14. b3 Nc5 15. Nd4
Bf7 16. f5 Nfd7 17. Rad1 Ne5 18. Nf3 Nxf3+ 19. Bxf3 Nd7 20. Ne2 Ne5 21. Nd4 a4
22. Bh6 axb3 23. axb3 Qd7 24. Bg4 Nxg4 25. hxg4 Ra8 26. Rf2 Kh8 27. Rh2 Rg8 28.
Nf3 Qe8 29. Ng5 Bxh6 30. Rxh6 Rg7 31. Qb2 Bg8 32. fxg6 e5 33. Qh2 Qe7 34. Nf7+
Rxf7 35. gxf7 Qxf7 36. Rhxd6 Qf3 37. Qf2 Rf8 38. Qxf3 Rxf3 39. R1d3 Rf8 40. c5
Ra8 41. b4 Ra4 42. b5 cxb5 43. Rb6 Rxe4 44. Rxb7 Re1+ 45. Kf2 Rc1 46. Rxb5 Kg7
47. Rd6 Rc2+ 48. Ke3 Bf7 49. c6 Kf8 50. Rb7 Be8 51. Rf6+ Kg8 52. c7 Bd7 53. Rd6
Bxg4 54. Rd8+ 1-0

[Event "Nagoya Open"]
[Site "?"]
[Date "2005.06.26"]
[Round "3"]
[White "D.Morimoto"]
[Black "T.Sano"]
[Result "0-1"]
[WhiteElo "1590"]
[BlackElo "2005"]

1. Nf3 Nf6 2. c4 e6 3. g3 b6 4. Bg2 Bb7 5. O-O Be7 6. b3 O-O 7. Bb2 d5 8. cxd5
exd5 9. Nd4 Ne4 10. Nf5 Bf6 11. Qc2 Na6 12. a3 Re8 13. d3 Nd6 14. Ne3 c6 15.
Nd2 Nc7 16. Nf3 c5 17. Bxf6 Qxf6 18. b4 Ne6 19. Ng4 Qe7 20. e3 Rec8 21. Qb2 c4
22. d4 Ng5 23. Nxg5 Qxg5 24. Ne5 f6 25. h4 Qf5 26. Nf3 Re8 27. a4 a6 28. Nd2
Rad8 29. Rac1 Rc8 30. Kh2 Rc7 31. Rc3 Bc8 32. Qa2 Qh5 33. Bf3 Bg4 34. Bxg4 Qxg4
35. f3 Qe6 36. Re1 b5 37. a5 Nf5 38. Qc2 Nxd4 39. Qd1 Nc6 40. Rg1 Nxb4 0-1

[Event "Nagoya Open"]
[Site "?"]
[Date "2005.06.26"]
[Round "3"]
[White "N.Takayasu"]
[Black "A.Koike"]
[Result "0-1"]
[WhiteElo "1577"]
[BlackElo "1995"]

1. e4 c5 2. c3 Nf6 3. e5 Nd5 4. d4 cxd4 5. Qxd4 e6 6. Nf3 Nc6 7. Qe4 f5 8. exf6
Nxf6 9. Qh4 Be7 10. Bb5 O-O 11. Bg5 d5 12. Bd3 h6 13. Be3 e5 14. Bc2 Ng4 15.
Qh5 Nxe3 16. fxe3 Qb6 17. Ke2 Qxb2 18. Na3 Bxa3 19. Ne1 Qxa1 20. Qg6 e4 21. Bb3
Ne7 22. Qxe4 Qb2+ 23. Nc2 Qxb3 24. axb3 dxe4 25. Nxa3 Bg4+ 0-1

[Event "Nagoya Open"]
[Site "?"]
[Date "2005.06.26"]
[Round "3"]
[White "S.Misaka"]
[Black "S.Ohtake"]
[Result "1-0"]
[WhiteElo "2063"]
[BlackElo "1730"]

1. d4 Nf6 2. c4 e5 3. dxe5 Ne4 4. a3 d5 5. Qxd5 Qxd5 6. cxd5 Bc5 7. e3 f6 8.
exf6 Nxf6 9. Nc3 c6 10. dxc6 Nxc6 11. Nf3 Bg4 12. Be2 h6 13. b4 Bb6 14. Bb2
O-O-O 15. h3 Bxf3 16. Bxf3 Ne5 17. Be2 Nd3+ 18. Bxd3 Rxd3 19. Ke2 Rhd8 20. Rhd1
Rxd1 21. Rxd1 Rxd1 22. Kxd1 Kd7 23. Ke2 Ke6 24. Na4 Kd5 25. Nxb6+ axb6 26. Bxf6
gxf6 27. Kd3 b5 28. g4 b6 29. e4+ Ke5 30. Ke3 Ke6 31. f4 Kd6 32. Kd4 Ke6 33. h4
1-0

[Event "Nagoya Open"]
[Site "?"]
[Date "2005.06.26"]
[Round "3"]
[White "N.Shirasaka"]
[Black "M.Okada"]
[Result "1/2-1/2"]
[WhiteElo "1501"]
[BlackElo "1810"]

1. g3 d5 2. Bg2 c6 3. b3 e5 4. Bb2 Nf6 5. d4 e4 6. c4 Bb4+ 7. Nc3 O-O 8. f3 Re8
9. a3 Ba5 10. b4 Bb6 11. fxe4 dxe4 12. e3 Bf5 13. Qd2 a5 14. bxa5 Bxa5 15. Nge2
Qb6 16. O-O Bg6 17. Qc2 Nbd7 18. Nf4 Bf5 19. h3 h6 20. Rab1 Bh7 21. Qe2 Qa6 22.
d5 Bxc3 23. Bxc3 cxd5 24. Nh5 Qxc4 25. Nxf6+ Nxf6 26. Qb2 Re6 27. Qxb7 Rae8 28.
Bd4 Qa6 29. Qb4 Bg6 30. Rfc1 Nh5 31. Bf1 Qd6 32. Bc5 Qxg3+ 33. Bg2 Bf5 34. Qe1
Qg6 35. Qh4 Qg5 36. Qxg5 hxg5 37. Kh2 Rg6 38. Rb6 Nf6 39. Kg3 g4 40. h4 Nh5+
41. Kf2 g3+ 42. Kg1 Rg4 43. Bh3 g6 44. Bxg4 Bxg4 45. Rd6 Be6 46. Bd4 Ng7 47.
Rb6 Nf5 48. Rcb1 Nxd4 49. exd4 Kg7 50. Kg2 Rc8 51. R1b3 Rc4 52. R6b4 Rc2+
1/2-1/2

[Event "Nagoya Open"]
[Site "?"]
[Date "2005.06.26"]
[Round "3"]
[White "K.Kawashima"]
[Black "T.Masui"]
[Result "1-0"]
[WhiteElo "1799"]
[BlackElo "1376"]

1. d4 Nf6 2. c4 c5 3. d5 b5 4. cxb5 a6 5. b6 Qxb6 6. Nc3 d6 7. e4 g6 8. Nf3 Bg7
9. Be2 O-O 10. Nd2 Ra7 11. a4 e6 12. Nc4 Qd8 13. O-O exd5 14. exd5 Re7 15. Bf3
Bf5 16. Bf4 Rd7 17. Re1 h6 18. Qd2 g5 19. Bg3 Ng4 20. h3 Nf6 21. Re2 Re8 22.
Rae1 Rxe2 23. Rxe2 g4 24. hxg4 Bxg4 25. Bxg4 Nxg4 26. Ne4 Ne5 27. Bxe5 dxe5 28.
d6 f5 29. Nxc5 Nc6 30. Qd5+ 1-0

[Event "Nagoya Open"]
[Site "?"]
[Date "2005.06.26"]
[Round "3"]
[White "H.Iizuka"]
[Black "Y.Ozaki"]
[Result "0-1"]
[WhiteElo "1339"]
[BlackElo "1791"]

1. e4 c5 2. Nf3 e6 3. d4 cxd4 4. Nxd4 a6 5. Be2 Qc7 6. Be3 Nc6 7. c3 Nf6 8. Nd2
Be7 9. Qc2 O-O 10. Nc4 b5 11. Nxc6 dxc6 12. Nb6 Rb8 13. Nxc8 Rfxc8 14. c4 c5
15. O-O Qe5 16. cxb5 axb5 17. f3 Nd5 18. Bf2 Nb4 19. Qc3 Qxc3 20. bxc3 Nc6 21.
Bg3 e5 22. Rfd1 c4 23. Rd7 f6 24. f4 Bc5+ 25. Kf1 exf4 26. Bxf4 Ne5 27. Rd5 Rb7
28. Bxe5 fxe5 29. Rxe5 Be7 30. a4 b4 31. Rb5 Rxb5 32. axb5 bxc3 33. Ra4 Kf8 34.
Ke1 Bg5 35. Kd1 Rd8+ 36. Kc2 Rd2+ 37. Kxc3 Rxe2 38. Rxc4 Bd8 39. Kd4 Rxg2 40.
Kd5 Ke7 41. Rd4 Rxh2 42. Kc6 Rh6+ 43. Kd5 Rd6+ 44. Kc5 Rxd4 45. Kxd4 Kd6 46.
e5+ Ke6 0-1

[Event "Nagoya Open"]
[Site "?"]
[Date "2005.06.26"]
[Round "3"]
[White "Y.Yokomizo"]
[Black "G.Gonda"]
[Result "0-1"]
[WhiteElo "1738"]
[BlackElo "2044"]

1. e4 e5 2. Nc3 Nc6 3. d3 Bc5 4. g3 Nf6 5. Bg2 d6 6. Na4 Bb6 7. Nxb6 axb6 8. c4
O-O 9. Ne2 Be6 10. Nc3 Nd4 11. Be3 Qd7 12. Bxd4 exd4 13. Ne2 c5 14. Nf4 b5 15.
b3 b4 16. O-O Ra3 17. Qe2 Qc7 18. Nd5 Bxd5 19. cxd5 Re8 20. Qc2 Qa5 21. Rfe1 g6
22. Re2 Qb5 23. h3 Kg7 24. f4 Qd7 25. Rf2 b6 26. Qd1 Qa7 27. Qf3 Rxb3 28. e5
Nd7 29. e6 Nf6 30. f5 g5 31. h4 h6 32. hxg5 hxg5 33. Bh3 c4 34. exf7 Re3 35.
Qh1 Rbxd3 36. Bg2 Qxf7 37. Raf1 Rxg3 38. Rf3 Qe7 39. Rxd3 cxd3 40. Qh2 Qe3+ 41.
Kh1 d2 42. Rd1 Rg4 43. Bh3 Qf3+ 44. Bg2 Qxd1+ 0-1

[Event "Nagoya Open"]
[Site "?"]
[Date "2005.06.26"]
[Round "3"]
[White "K.Sakamoto"]
[Black "A.Kida"]
[Result "1/2-1/2"]
[WhiteElo "1306"]
[BlackElo "1254"]

1. e4 c5 2. c3 Nc6 3. d4 cxd4 4. cxd4 d5 5. e5 e6 6. Nf3 Be7 7. a3 a6 8. b4 b5
9. Bb2 Nh6 10. Nbd2 O-O 11. Bd3 f5 12. O-O Ra7 13. Nb3 Bd7 14. Rc1 Qb6 15. Nc5
Bxc5 16. Rxc5 Be8 17. Qc2 Rc7 18. Ng5 Bd7 19. Rc1 Rfc8 20. Nf3 Qa7 21. Nd2 Nf7
22. Nb3 Nfd8 23. Na5 1/2-1/2

[Event "Nagoya Open"]
[Site "?"]
[Date "2005.06.26"]
[Round "3"]
[White "P.Robertson"]
[Black "Y.Suzuki"]
[Result "1-0"]
[WhiteElo "1648"]
[BlackElo "961"]

1. e4 e6 2. d4 g6 3. c4 c6 4. Nc3 Bg7 5. Nf3 Ne7 6. Bg5 O-O 7. Be2 Qe8 8. O-O
b6 9. Re1 Bb7 10. Rc1 c5 11. d5 exd5 12. Bxe7 dxe4 13. Bxf8 Qxf8 14. Ng5 f5 15.
Nb5 Be5 16. f4 Bxf4 17. Rc3 a6 18. Nh3 Be5 19. Rb3 axb5 20. Rxb5 Bc7 21. a3 Bc6
22. Rb3 d6 23. Nf4 Qf7 24. Rh3 Nd7 25. Nd5 Bd8 26. Rf1 Rb8 27. g4 Be7 28. gxf5
Nf6 29. fxg6 hxg6 30. Rg3 Qe6 31. Rxg6+ Kf7 32. Nxe7 Kxe7 33. Rfxf6 Rg8 34.
Rxe6+ 1-0

[Event "Nagoya Open"]
[Site "?"]
[Date "2005.06.26"]
[Round "4"]
[White "T.Sano"]
[Black "K.Noguchi"]
[Result "1/2-1/2"]
[WhiteElo "2005"]
[BlackElo "1870"]

1. e4 g6 2. d4 Bg7 3. Nc3 c6 4. Bc4 d6 5. h3 Nf6 6. Nf3 b5 7. Bd3 O-O 8. O-O a6
9. Re1 Nbd7 10. a3 e5 11. Bg5 Qc7 12. Qd2 Re8 13. Bf1 Bb7 14. dxe5 dxe5 15.
Rad1 Rad8 16. Qe3 Nf8 17. Nh2 Ne6 18. Bxf6 Bxf6 19. Ne2 h5 20. Nf3 c5 21. c3
Be7 22. b4 a5 23. Nc1 c4 24. h4 Ra8 25. g3 axb4 26. axb4 Ra3 27. Bh3 Bxb4 28.
Ng5 Rxc3 29. Nxe6 Rxe6 30. Qg5 Re7 31. Na2 1/2-1/2

[Event "Nagoya Open"]
[Site "?"]
[Date "2005.06.26"]
[Round "4"]
[White "A.Koike"]
[Black "K.Kawashima"]
[Result "1-0"]
[WhiteElo "1995"]
[BlackElo "1799"]

1. d4 Nf6 2. c4 e6 3. Nc3 Bb4 4. Qc2 c5 5. dxc5 Bxc5 6. Nf3 a6 7. Bg5 Be7 8. e3
d6 9. Be2 Qc7 10. O-O O-O 11. h3 b6 12. Rac1 Bb7 13. Rfd1 Rd8 14. b3 Nc6 15.
Qb1 Rac8 16. Bxf6 Bxf6 17. Nd5 exd5 18. cxd5 b5 19. dxc6 Bxc6 20. Nd4 Qb6 21.
Nxc6 Rxc6 22. Rxc6 Qxc6 23. Bf3 Qb6 24. Qf5 Be5 25. Bd5 Qc7 26. Bxf7+ Qxf7 27.
Qxe5 dxe5 28. Rxd8+ Qf8 29. Rxf8+ Kxf8 30. Kf1 Ke7 31. Ke2 Kd6 32. Kd3 Kd5 33.
e4+ Kc5 34. Ke3 Kd6 35. b4 g5 36. g3 h5 37. f4 g4 38. fxe5+ Kxe5 39. h4 1-0

[Event "Nagoya Open"]
[Site "?"]
[Date "2005.06.26"]
[Round "4"]
[White "K.Looijmans"]
[Black "Y.Ozaki"]
[Result "1-0"]
[WhiteElo "2175"]
[BlackElo "1791"]

1. e4 c5 2. Nf3 e6 3. d4 cxd4 4. Nxd4 a6 5. Bd3 Qc7 6. O-O Nc6 7. Nxc6 bxc6 8.
Qe2 d5 9. Nc3 d4 10. Na4 c5 11. b3 Nf6 12. Nb2 Be7 13. Nc4 O-O 14. Bg5 Bb7 15.
Rae1 Ne8 16. Bd2 a5 17. a4 e5 18. f4 exf4 19. Bxf4 Qd8 20. e5 Bd5 21. Bd2 g6
22. Be4 Bxe4 23. Qxe4 Ng7 24. Bh6 Ra6 25. Qb7 Re6 26. Bd2 d3 27. c3 Bg5 28. Rf2
Nf5 29. Qe4 Bxd2 30. Rxd2 f6 31. Qxd3 Qe7 32. Qd5 Qf7 33. Qxc5 fxe5 34. Nxe5
Qf6 35. Rde2 Qh4 36. Qd5 Re8 37. Nf3 1-0